[Event "Stay Safe Play From Home 129"]
[Site "T#645801Emanuel Laske"]
[Date "2020.05.07"]
[Round "6"]
[White "Haris kollari 13"]
[Black "Indianquant"]
[Result "0-1"]
[WhiteElo "1654"]
[BlackElo "2322"]
[Annotator "TA"]
[PlyCount "60"]
[EventDate "2020.05.07"]
[EventType "swiss (blitz)"]

{[%evp 11,60,-9,15,-29,-29,-31,-15,-57,-53,-20,17,20,20,13,19,4,10,6,45,-12,-12,-11,-14,-16,-16,-28,0,-10,14,-7,-13,-229,-212,-226,-196,-408,-393,-413,-381,-365,-340,-515,-424,-422,-403,-602,-314,-851,-320,-334,-173]} 1. e3 c5 2. f4 g6 3. Nf3 Bg7 4. c3 Nf6 5. d4 O-O 6. Bd3 b6 {[#]} 7. Bd2 $146 {A45: Trompowsky Attack.} ({Predecessor:} 7. O-O Bb7 8. Qe2 Ne4 9. Nbd2 f5 10. a4 d5 11. a5 c4 12. Bc2 b5 13. Ne5 Nd7 14. g4 Nxe5 15. fxe5 {0-1 (33) Akbaev,K (2475)-Byambaa,Z (2285) Khanty-Mansiysk 2013}) 7... Bb7 8. Qe2 d6 9. e4 {The position is equal.} cxd4 10. cxd4 d5 {[%cal Rd5e4]} (10... e5 $5 11. dxe5 (11. fxe5 dxe5 12. d5 Nxe4 $15) 11... dxe5 $11) 11. e5 $1 {[%cal Re5f6]} Ne4 12. Nc3 {[%cal Rc3e4]} f5 13. O-O Nc6 14. Rac1 Nb4 15. Bb1 ({White should play} 15. Bb5 $14) 15... Ba6 $36 {[%mdl 2048] Black has the initiative.} 16. Nb5 Qd7 17. a4 Nc6 $1 {[%cal Bb4c6,Bc6a5,Ba5c4,Bc4b2,Bb2d3][%mdl 32]} 18. Qe3 Rac8 19. Rfe1 Na5 20. Rxc8 Rxc8 21. Rc1 $2 {[#] Loses the game.} (21. Bxa5 $11 bxa5 22. Bd3) 21... Nc4 $19 22. Qe1 Nxb2 ({Don't play} 22... Ncxd2 23. Nxd2 Rxc1 24. Qxc1 $17) 23. Bxe4 $2 (23. e6 Qb7 24. Bc2) 23... fxe4 ({Much less strong is} 23... dxe4 24. Ng5 $19) 24. Ng5 Nd3 25. Rxc8+ Qxc8 ({Weaker is} 25... Bxc8 26. Qb1 $19) 26. Qe2 (26. Qe3 $142 Qc2 27. h4) 26... Bxb5 27. axb5 h6 28. Nf3 (28. Nh3 $142 Qc4 29. Kf1) 28... Qc2 29. Qe3 $2 {[#]} (29. Ne1 Nxe1 30. Qxe1) 29... Qd1+ $2 (29... exf3 30. gxf3 h5) 30. Ne1 g5 {Accuracy: White = 44%, Black = 62%.} (30... Nb2 $142 31. Bb4 Nc4) 0-1

[Event "Stay Safe Play From Home 129"]
[Site "T#645801Emanuel Laske"]
[Date "2020.05.07"]
[Round "6"]
[White "matanant"]
[Black "Mamutones"]
[Result "1-0"]
[WhiteElo "1642"]
[BlackElo "1866"]
[Annotator "NA"]
[PlyCount "61"]
[EventDate "2020.05.07"]
[EventType "swiss (blitz)"]

1. b3 {[%emt 0:00:00]} e5 {[%emt 0:00:02]} 2. Bb2 {[%emt 0:00:01]} d6 {[%emt 0:00:00]} 3. e3 {[%emt 0:00:00]} f6 {[%emt 0:00:00]} 4. d4 {[%emt 0:00:01]} Bf5 {[%emt 0:00:01]} 5. d5 {[%emt 0:00:03]} Nd7 {[%emt 0:00:02]} 6. c4 {[%emt 0:00:00]} Ne7 {[%emt 0:00:01]} 7. Nd2 {[%emt 0:00:02]} g5 {[%emt 0:00:01]} 8. e4 {[%emt 0:00:01]} Bg6 {[%emt 0:00:01]} 9. Be2 {[%emt 0:00:01]} c5 {[%emt 0:00:02]} 10. Bh5 {[%emt 0:00:01]} Kf7 {[%emt 0:00:02]} 11. h4 {[%emt 0:00:05]} h6 {[%emt 0:00:02]} 12. Bxg6+ {[%emt 0:00:02]} Kxg6 {[%emt 0:00:01]} 13. hxg5 {[%emt 0:00:05]} fxg5 {[%emt 0:00:01]} 14. Qg4 {[%emt 0:00:02]} Nf6 {[%emt 0:00:03]} 15. Qe6 {[%emt 0:00:03]} Qd7 {[%emt 0:00:03]} 16. Qxd7 {[%emt 0:00:02]} Nxd7 {[%emt 0:00:00]} 17. Ne2 {[%emt 0:00:03]} Bg7 {[%emt 0:00:01]} 18. Ng3 {[%emt 0:00:00]} Rhf8 {[%emt 0:00:01]} 19. f3 {[%emt 0:00:03]} Kh7 {[%emt 0:00:03]} 20. O-O-O {[%emt 0:00:00]} Ng6 {[%emt 0:00:01]} 21. Nf5 {[%emt 0:00:02]} Nf4 {[%emt 0:00:02]} 22. Nxd6 {[%emt 0:00:02]} Nxg2 {[%emt 0:00:02]} 23. Rdg1 {[%emt 0:00:02]} Nf4 {[%emt 0:00:02]} 24. Rxg5 {[%emt 0:00:02]} Kg8 {[%emt 0:00:02]} 25. Rg4 {[%emt 0:00:04]} Nd3+ {[%emt 0:00:02]} 26. Kc2 {[%emt 0:00:02]} Nxb2 {[%emt 0:00:00]} 27. Kxb2 {[%emt 0:00:01]} Nf6 {[%emt 0:00:00]} 28. Rg6 {[%emt 0:00:03]} Kh7 {[%emt 0:00:03]} 29. Rhg1 {[%emt 0:00:01]} Bh8 {[%emt 0:00:01]} 30. Nf5 {[%emt 0:00:00]} Rf7 {[%emt 0:00:02]} 31. Rxh6# {[%emt 0:00:01] (Lag: Av=0.96s, max=1.3s)} 1-0

[Event "Stay Safe Play From Home 129"]
[Site "T#645801Emanuel Laske"]
[Date "2020.05.07"]
[Round "6"]
[White "Edmatuag"]
[Black "Haxhi Baha"]
[Result "0-1"]
[WhiteElo "1607"]
[BlackElo "2011"]
[Annotator "NA"]
[PlyCount "80"]
[EventDate "2020.05.07"]
[EventType "swiss (blitz)"]

1. e4 {[%emt 0:00:02]} e6 {[%emt 0:00:01]} 2. d3 {[%emt 0:00:02]} d5 {[%emt 0:00:00]} 3. exd5 {[%emt 0:00:00]} exd5 {[%emt 0:00:01]} 4. Nf3 {[%emt 0:00:00]} Nf6 {[%emt 0:00:00]} 5. Nc3 {[%emt 0:00:01]} d4 {[%emt 0:00:01]} 6. Ne4 {[%emt 0:00:01]} Be7 {[%emt 0:00:01]} 7. Bf4 {[%emt 0:00:02]} c5 {[%emt 0:00:01]} 8. Nxf6+ {[%emt 0:00:01]} Bxf6 {[%emt 0:00:01]} 9. Be2 {[%emt 0:00:01]} O-O {[%emt 0:00:01]} 10. O-O {[%emt 0:00:00]} Nc6 {[%emt 0:00:00]} 11. Bg3 {[%emt 0:00:00]} Re8 {[%emt 0:00:01]} 12. Qd2 {[%emt 0:00:01]} Bf5 {[%emt 0:00:01]} 13. Rfe1 {[%emt 0:00:01]} Nb4 {[%emt 0:00:02]} 14. h3 {[%emt 0:00:01]} Qd7 {[%emt 0:00:04]} 15. a3 {[%emt 0:00:01]} Nd5 {[%emt 0:00:01]} 16. Bf1 {[%emt 0:00:01]} h6 {[%emt 0:00:03]} 17. Rxe8+ {[%emt 0:00:07]} Rxe8 {[%emt 0:00:01]} 18. Re1 {[%emt 0:00:00]} Rc8 {[%emt 0:00:02]} 19. Qa5 {[%emt 0:00:03]} b6 {[%emt 0:00:02]} 20. Qd2 {[%emt 0:00:03]} b5 {[%emt 0:00:01]} 21. Be5 {[%emt 0:00:04]} Bd8 {[%emt 0:00:04]} 22. Bg3 {[%emt 0:00:02]} Nf6 {[%emt 0:00:03]} 23. Ne5 {[%emt 0:00:02]} Qb7 {[%emt 0:00:01]} 24. Nf3 {[%emt 0:00:00]} Be6 {[%emt 0:00:04]} 25. Be5 {[%emt 0:00:02]} Nd5 {[%emt 0:00:02]} 26. Bg3 {[%emt 0:00:03]} a5 {[%emt 0:00:01]} 27. Ne5 {[%emt 0:00:01]} Nf6 {[%emt 0:00:03]} 28. Ng6 {[%emt 0:00:01]} Qd5 {[%emt 0:00:04]} 29. Nf4 {[%emt 0:00:01]} Qc6 {[%emt 0:00:01]} 30. Nxe6 {[%emt 0:00:00]} fxe6 {[%emt 0:00:00]} 31. Qf4 {[%emt 0:00:02]} Bc7 {[%emt 0:00:03]} 32. Qf3 {[%emt 0:00:03]} Qxf3 {[%emt 0:00:03]} 33. gxf3 {[%emt 0:00:00]} Bxg3 {[%emt 0:00:00]} 34. fxg3 {[%emt 0:00:01]} Re8 {[%emt 0:00:00]} 35. Kg2 {[%emt 0:00:00]} Nd5 {[%emt 0:00:00]} 36. Re5 {[%emt 0:00:01]} c4 {[%emt 0:00:01]} 37. Be2 {[%emt 0:00:02]} cxd3 {[%emt 0:00:01]} 38. cxd3 {[%emt 0:00:01]} Ne3+ {[%emt 0:00:00]} 39. Kf2 {[%emt 0:00:01]} Nf5 {[%emt 0:00:01]} 40. f4 {[%emt 0:00:01]} Nd6 {[%emt 0:00:01] Time (Lag: Av=0.97s, max=1.4s)} 0-1

[Event "Stay Safe Play From Home 129"]
[Site "T#645801Emanuel Laske"]
[Date "2020.05.07"]
[Round "6"]
[White "PRW64MS"]
[Black "Umitkarabulut03"]
[Result "1-0"]
[WhiteElo "1464"]
[BlackElo "1648"]
[Annotator "NA"]
[PlyCount "57"]
[EventDate "2020.05.07"]
[EventType "swiss (blitz)"]

1. e4 {[%emt 0:00:02]} c6 {[%emt 0:00:01]} 2. d4 {[%emt 0:00:02]} d5 {[%emt 0:00:01]} 3. e5 {[%emt 0:00:01]} Bf5 {[%emt 0:00:02]} 4. Ne2 {[%emt 0:00:03]} e6 {[%emt 0:00:01]} 5. Ng3 {[%emt 0:00:03]} Bg6 {[%emt 0:00:02]} 6. h4 {[%emt 0:00:01]} h6 {[%emt 0:00:00]} 7. h5 {[%emt 0:00:01]} Bh7 {[%emt 0:00:00]} 8. Bd3 {[%emt 0:00:01]} Bxd3 {[%emt 0:00:01]} 9. cxd3 {[%emt 0:00:01]} c5 {[%emt 0:00:00]} 10. dxc5 {[%emt 0:00:01]} Bxc5 {[%emt 0:00:02]} 11. d4 {[%emt 0:00:01]} Bb4+ {[%emt 0:00:02]} 12. Nc3 {[%emt 0:00:01]} Nc6 {[%emt 0:00:01]} 13. O-O {[%emt 0:00:02]} Qb6 {[%emt 0:00:04]} 14. Be3 {[%emt 0:00:03]} Bxc3 {[%emt 0:00:03]} 15. bxc3 {[%emt 0:00:01]} Nge7 {[%emt 0:00:00]} 16. Qg4 {[%emt 0:00:01]} g6 {[%emt 0:00:09]} 17. hxg6 {[%emt 0:00:03]} Nxg6 {[%emt 0:00:02]} 18. Rae1 {[%emt 0:00:05]} O-O-O {[%emt 0:00:03]} 19. f4 {[%emt 0:00:01]} Rdg8 {[%emt 0:00:02]} 20. Qh3 {[%emt 0:00:03]} h5 {[%emt 0:00:03]} 21. f5 {[%emt 0:00:01]} Nf8 {[%emt 0:00:06]} 22. fxe6 {[%emt 0:00:02]} fxe6 {[%emt 0:00:02]} 23. Nf5 {[%emt 0:00:02]} exf5 {[%emt 0:00:05]} 24. Rxf5 {[%emt 0:00:03]} Nd7 {[%emt 0:00:03]} 25. Rf7 {[%emt 0:00:02]} Qd8 {[%emt 0:00:02]} 26. Ref1 {[%emt 0:00:02]} Rf8 {[%emt 0:00:01]} 27. Rxd7 {[%emt 0:00:01]} Qxd7 {[%emt 0:00:01]} 28. Rxf8+ {[%emt 0:00:01]} Rxf8 {[%emt 0:00:01]} 29. Qxh5 {[%emt 0:00:01] Zaman (Lag: Av=0.28s, max=0.8s)} 1-0

[Event "Stay Safe Play From Home 129"]
[Site "T#645801Emanuel Laske"]
[Date "2020.05.07"]
[Round "7"]
[White "Indianquant"]
[Black "Edmatuag"]
[Result "1-0"]
[WhiteElo "2322"]
[BlackElo "1604"]
[Annotator "TA"]
[PlyCount "65"]
[EventDate "2020.05.07"]
[EventType "swiss (blitz)"]

{[%evp 18,65,27,41,43,45,69,61,89,77,110,112,227,229,221,207,289,297,287,258,597,209,200,206,237,109,108,93,398,114,214,-10,-15,-18,-11,-77,-81,-66,-13,-23,-10,-16,38,-17,0,-14,0,0,38,38]} 1. Nf3 c5 2. c4 Nc6 3. Nc3 Nf6 4. d4 d5 5. cxd5 Nxd5 6. e4 Nxc3 7. bxc3 cxd4 8. cxd4 e6 9. Be2 Bb4+ 10. Bd2 Qa5 {D41: Queen's Gambit Declined: Semi-Tarrasch with 5 cxd5.} 11. Rb1 Bxd2+ 12. Qxd2 Qxd2+ 13. Kxd2 a6 14. Rhc1 {[#]} Kd7 $146 (14... Ke7 $16 {is a better defense.} 15. Bd3 Rd8) ({Predecessor:} 14... Ke7 15. Ke3 Kd6 16. Ng5 Ke7 17. d5 exd5 18. exd5 Ne5 19. f4 Nd7 20. d6+ Ke8 {1-0 (30) Heck,N (2297)-Wetterling,M (1953) Dresden 2005}) 15. d5 $18 exd5 16. exd5 Ne7 17. Ne5+ {[%mdl 64] Double Attack} Ke8 18. d6 {And now Rc7 would win.} Ng6 $2 {[#]} (18... Nc6) 19. Rc5 $2 (19. Rxc8+ $1 {[%mdl 512]} Rxc8 20. d7+ {[%mdl 64] Double Attack} Ke7 21. dxc8=N+ Rxc8 22. Rxb7+ Ke6 23. Nxf7) 19... Nxe5 20. Rxe5+ Kd7 21. Re7+ (21. Rb6 $18 {is the precise move to win.}) 21... Kxd6 $16 22. Rxf7 Be6 $2 {[%mdl 8192]} (22... b5 $16 {is a better chance.}) 23. Rfxb7 $2 (23. Rb6+ $18 Kd5 24. Rxg7) 23... Rad8 (23... Bxa2 $16 {was called for.} 24. R1b6+ Kc5) 24. R1b6+ $2 ({White should play} 24. Rxg7 $18 {g3 is the strong threat.} Rhg8 25. Rxg8 Bxg8 26. Rb2) 24... Kc5+ $11 25. Kc3 Bd5 {[%mdl 64] [#] Double Attack} 26. Rb4 (26. Bxa6 $11 Rc8 27. f3) 26... Bxb7 $17 27. Rxb7 {[%mdl 4096] Endgame KRR-KRB} Rc8 ({Black should try} 27... Rdf8 $15 28. f3 Re8) 28. Rxg7 $11 Kd6+ 29. Kd2 Rc7 (29... a5 $11) 30. Rg5 (30. Rxc7 $14 Kxc7 31. Bxa6) 30... Rc5 31. Rg3 Rd8 32. Rd3+ Ke7 {White should prevent ...Ra5.} 33. Rxd8 {Black defended with fortune. Accuracy: White = 36%, Black = 33%.} 1-0

[Event "Stay Safe Play From Home 129"]
[Site "T#645801Emanuel Laske"]
[Date "2020.05.07"]
[Round "7"]
[White "Mepe_Nika"]
[Black "Onlyforchess"]
[Result "1/2-1/2"]
[WhiteElo "2307"]
[BlackElo "2506"]
[Annotator "TA"]
[PlyCount "130"]
[EventDate "2020.05.07"]
[EventType "swiss (blitz)"]

{[%evp 16,130,19,14,7,13,21,0,14,12,14,13,14,13,25,-18,0,-16,20,0,14,-37,-22,-43,-7,-34,-41,-114,-99,-137,-87,-221,-201,-233,-79,-269,-252,-333,-26,-16,-12,-11,444,432,432,439,433,419,416,411,453,417,457,376,367,325,356,358,337,348,522,445,602,593,580,494,907,887,978,966,768,700,29990,629,582,546,1101,1077,1058,981,1078,722,660,677,439,277,1362,1204,5021,8,8,8,8,-8,0,0,0,0,0,-8,-8,-8,-8,-8,-8,-8,-8,-8,0,0,0,0,0,0,0,0,0]} 1. d4 c5 2. c3 cxd4 3. cxd4 d5 4. Nc3 Nc6 5. Nf3 Nf6 6. Bf4 Bf5 7. Qb3 Na5 8. Qa4+ Bd7 9. Qc2 e6 $1 {9...e6 scores better than 9...Rc8. D14: Slav Defence: Exchange variation with ...Bf5.} 10. e3 Rc8 11. a3 {[#]} Nc4 $146 ({Predecessor:} 11... b5 12. Ne5 a6 13. Bd3 Bd6 14. Nxf7 Kxf7 15. Bxd6 g6 16. Bc5 Ng4 17. b4 Nc6 {1-0 (40) Torrezani,E (1903)-Carvalho,L (1770) Guarapari 2018}) 12. Bxc4 Rxc4 13. Ne5 Rc8 14. O-O Be7 15. Qd3 O-O 16. Rac1 Qb6 17. b4 a5 18. Rb1 (18. Nxd7 $11 Nxd7 19. Na4) 18... axb4 $15 {White should prevent ...Qa6.} 19. axb4 Ra8 20. Rfc1 Rfc8 21. Ne2 ({White should try} 21. Qe2 $15) 21... Be8 ({And not} 21... Bxb4 22. Qb3 $14) 22. h3 Bb5 ({Worse is} 22... Bxb4 23. Qb3 $14) 23. Qd2 (23. Qd1 $17 {is a better defense.}) 23... Ne4 $19 24. Qe1 Bxe2 $2 (24... f6 $19 {aiming for ...Rxc1.} 25. Nf3 g5) 25. Qxe2 $2 (25. Rxc8+ $17 Rxc8 26. Qxe2) 25... Nc3 $1 {[%cal Rc3e2]} 26. Qc2 Nxb1 $2 (26... f6 $19 27. Nd3 Nxb1 28. Qxb1 Rxc1+ 29. Qxc1 Qc6 30. Qxc6 bxc6) 27. Qxc8+ $11 Rxc8 28. Rxc8+ {[#]} Bf8 $2 {[%mdl 8192] [#]} (28... Qd8 $1 $11 {[%mdl 512] and Black stays safe.} 29. Rxd8+ Bxd8) 29. Rxf8+ $1 $18 {[%mdl 576] Decoy} Kxf8 30. Nd7+ {[%mdl 64] Double Attack} Ke8 31. Nxb6 Nc3 32. Bd6 f5 33. Bc5 g5 34. Nc8 Kd7 35. Nd6 b6 36. Nf7 (36. Bxb6 Kxd6 37. Bc5+ Kc6 $14) 36... bxc5 37. bxc5 {[%mdl 4096] Endgame KN-KN} ({Weaker is} 37. dxc5 g4 $18) 37... g4 (37... h6 {keeps fighting.} 38. Kf1 Ke8) 38. hxg4 fxg4 39. Ne5+ {[%mdl 64] Double Attack} Ke7 40. Nxg4 Ne2+ (40... Ne4 $142 41. Ne5 h5) 41. Kh2 Nc1 42. Ne5 Ne2 43. c6 {Intending c7 and mate.} Nc3 44. Kg3 (44. c7 $142 Ne4 45. c8=Q Nxf2 46. Qd7+ Kf6 47. Qf7+ Kg5 48. Qxf2 Kh5 49. Qf4 h6 50. Qg4#) 44... Kd6 45. f3 Nd1 46. Kf4 Nf2 47. e4 dxe4 48. Ke3 Nd1+ 49. Kxe4 Nc3+ 50. Kf4 Nd5+ $2 {[#]} (50... Ne2+ 51. Ke3 Ng3 52. Nf7+ Kxc6) 51. Kg5 $1 {[%cal Rg5h6]} Ne3 52. Kh6 $2 (52. g4 $18 Nc2 53. Kh6) 52... Nxg2 $11 {The position is equal.} 53. Kxh7 {Kg6 is the strong threat.} Nh4 54. Ng6 Nf5 55. Nf8 Nxd4 56. c7 Kxc7 {[#]} 57. Nxe6+ $1 {[%mdl 512]} Nxe6 {KN-KP} 58. f4 Nd4 59. Kg6 Kd6 60. f5 Ke5 61. f6 Ne6 62. f7 Nf4+ 63. Kg7 Ne6+ 64. Kg8 Kf6 65. f8=Q+ Nxf8 {Blacks defense is rewarded with a draw. Accuracy: White = 54%, Black = 49%.} 1/2-1/2

[Event "Stay Safe Play From Home 129"]
[Site "T#645801Emanuel Laske"]
[Date "2020.05.07"]
[Round "7"]
[White "Lamborghini"]
[Black "rohit2007"]
[Result "1-0"]
[WhiteElo "2301"]
[BlackElo "2198"]
[Annotator "TA"]
[PlyCount "99"]
[EventDate "2020.05.07"]
[EventType "swiss (blitz)"]

{[%evp 22,98,0,0,0,0,0,0,0,1,16,0,0,-25,-6,-105,-125,-113,0,0,0,0,22,0,28,0,18,0,29983,29984,29991,29992,29992,29993,29998,29999,29999,29994,29995,29992,29992,29979,29976,29964,5406,997,977,974,921,824,804,804,804,761,945,990,1448,1403,1133,1077,29990,29991,29994,29995,29995,29996,29996,29996,29997,29997,29997,29998,29998,29997,29997,29998,29998,29999,29999]} 1. e4 c5 2. Nf3 d6 3. d4 cxd4 4. Nxd4 Nf6 5. Nc3 a6 6. Bg5 e6 7. f4 Be7 8. Qf3 Qc7 9. O-O-O Nbd7 10. Bd3 b5 11. Rhe1 Bb7 12. Qg3 h6 {B99: Sicilian Najdorf: 6 Bg5 e6 7 f4 Be7 8 Qf3 Qc7 9 0-0-0 Nbd7.} 13. Bxf6 Bxf6 {[#]} 14. Bxb5 $1 {[%mdl 512]} axb5 {The position is equal.} 15. Ndxb5 {[%mdl 64] Double Attack} Qb6 $1 {...0-0 is the strong threat.} 16. Nxd6+ Kf8 17. e5 {Threatens to win with Nxf7.} Be7 18. Nxf7 (18. f5 $11 Bd5 19. Kb1 (19. Nxd5 exd5 20. Kb1 Bxd6 $15)) 18... Kxf7 $17 19. Rxd7 {[#]} Rhd8 $146 (19... Rhe8 $1 $17 20. Qe3 Qxe3+ 21. Rxe3 Bxg2) ({Predecessor:} 19... Rhe8 20. f5 exf5 21. e6+ Kg8 22. Qg6 Qb4 23. a3 Qh4 24. Qf7+ Kh8 25. g3 Qg5+ {1-0 (48) Pershin,D (2400)-Zakhartsov,V (2486) St Petersburg 2018}) 20. Rxe7+ $1 $11 {[%mdl 64] Deflection} Kxe7 21. Qxg7+ {[%mdl 64] Double Attack} Ke8 22. Qg8+ Ke7 23. Qg7+ Ke8 24. f5 $40 {[%mdl 128] Hoping for f6. Black needs to defend precisely.} exf5 $2 {[%mdl 8192] White leaves nothing to chance now.} (24... Qf2 $11 25. Qg8+ {[#]} Kd7 $1 {[%mdl 512]} 26. Rd1+ (26. Qxe6+ Kc7 $11) 26... Kc7 27. Qf7+ (27. Qxe6 $2 Qf4+ 28. Kb1 Rxd1+ 29. Nxd1 Rd8 $19) 27... Kb6 28. Qxe6+ {[%mdl 64] Double Attack} Bc6 29. Qb3+ Kc7 30. Qf7+ Kb6 31. Qb3+ Kc7 32. Qf7+ Kb6 33. Qb3+) 25. e6 {[%csl Ge6][%cal Rg7f7]} Rd6 26. Qf7+ Kd8 27. e7+ Kc7 28. e8=Q+ Rd7 29. Qc4+ Qc6 {[#]} 30. Nd5+ $1 Rxd5 31. Qexc6+ Bxc6 32. Re7+ Rd7 33. Qf4+ Kb7 34. Rxd7+ Bxd7 $18 {[%mdl 4096] Endgame KQ-KRB} 35. Qd6 Bc6 36. b3 {[%cal Bb2b3,Bb3b4,Bb4b5][%mdl 32]} Rxa2 37. c4 Ra1+ 38. Kb2 Rg1 39. b4 Rxg2+ 40. Kb3 Rxh2 41. b5 {White mates.} Rb2+ 42. Kxb2 Be4 43. Kc3 Bd3 44. Kb4 f4 45. Kc5 Bxc4 46. Qe7+ Kb8 47. Kxc4 f3 48. Kc5 f2 49. Kb6 {[%cal Re7f8]} f1=Q 50. Qb7# {Accuracy: White = 83%, Black = 55%.} 1-0

[Event "Stay Safe Play From Home 129"]
[Site "T#645801Emanuel Laske"]
[Date "2020.05.07"]
[Round "7"]
[White "Little champs"]
[Black "EL sanbary"]
[Result "1-0"]
[WhiteElo "2195"]
[BlackElo "1996"]
[Annotator "NA"]
[PlyCount "77"]
[EventDate "2020.05.07"]
[EventType "swiss (blitz)"]

1. d4 {[%emt 0:00:02]} d5 {[%emt 0:00:01]} 2. e3 {[%emt 0:00:00]} e6 {[%emt 0:00:00]} 3. Nf3 {[%emt 0:00:00]} Nf6 {[%emt 0:00:00]} 4. Be2 {[%emt 0:00:00]} Be7 {[%emt 0:00:00]} 5. O-O {[%emt 0:00:00]} O-O {[%emt 0:00:00]} 6. c4 {[%emt 0:00:00]} b6 {[%emt 0:00:00]} 7. Nc3 {[%emt 0:00:00]} Bb7 {[%emt 0:00:01]} 8. cxd5 {[%emt 0:00:00]} Nxd5 {[%emt 0:00:01]} 9. Nxd5 {[%emt 0:00:01]} Bxd5 {[%emt 0:00:01]} 10. Bd3 {[%emt 0:00:00]} Bf6 {[%emt 0:00:02]} 11. e4 {[%emt 0:00:01]} Bb7 {[%emt 0:00:01]} 12. e5 {[%emt 0:00:01]} Be7 {[%emt 0:00:01]} 13. Be3 {[%emt 0:00:01]} Nd7 {[%emt 0:00:01]} 14. Rc1 {[%emt 0:00:01]} c5 {[%emt 0:00:01]} 15. dxc5 {[%emt 0:00:02]} Nxc5 {[%emt 0:00:01]} 16. Bxc5 {[%emt 0:00:01]} Bxc5 {[%emt 0:00:01]} 17. Qe2 {[%emt 0:00:00]} Qe7 {[%emt 0:00:01]} 18. Rfd1 {[%emt 0:00:01]} Rad8 {[%emt 0:00:01]} 19. Be4 {[%emt 0:00:00]} Rd7 {[%emt 0:00:04]} 20. Rxd7 {[%emt 0:00:01]} Qxd7 {[%emt 0:00:02]} 21. Rd1 {[%emt 0:00:00]} Qc7 {[%emt 0:00:02]} 22. h3 {[%emt 0:00:01]} g6 {[%emt 0:00:04]} 23. a3 {[%emt 0:00:03]} Bxe4 {[%emt 0:00:02]} 24. Qxe4 {[%emt 0:00:01]} Rd8 {[%emt 0:00:01]} 25. Rc1 {[%emt 0:00:00]} Qe7 {[%emt 0:00:02]} 26. b4 {[%emt 0:00:01]} Bxf2+ {[%emt 0:00:10]} 27. Kxf2 {[%emt 0:00:01]} Qd7 {[%emt 0:00:01]} 28. Rc2 {[%emt 0:00:01]} Qd1 {[%emt 0:00:01]} 29. Qe2 {[%emt 0:00:02]} Qd5 {[%emt 0:00:02]} 30. Rd2 {[%emt 0:00:01]} Qa8 {[%emt 0:00:03]} 31. Rxd8+ {[%emt 0:00:01]} Qxd8 {[%emt 0:00:00]} 32. Qd2 {[%emt 0:00:00]} Qc7 {[%emt 0:00:01]} 33. Qd6 {[%emt 0:00:02]} Qc2+ {[%emt 0:00:01]} 34. Kg3 {[%emt 0:00:00]} Qc3 {[%emt 0:00:02]} 35. Qd8+ {[%emt 0:00:01]} Kg7 {[%emt 0:00:01]} 36. Qf6+ {[%emt 0:00:00]} Kg8 {[%emt 0:00:01]} 37. Kh2 {[%emt 0:00:01]} h6 {[%emt 0:00:02]} 38. h4 {[%emt 0:00:01]} Qc4 {[%emt 0:00:03]} 39. h5 {[%emt 0:00:01] Time (Lag: Av=0.66s, max=1.8s)} 1-0

[Event "Stay Safe Play From Home 129"]
[Site "T#645801Emanuel Laske"]
[Date "2020.05.07"]
[Round "7"]
[White "Chessencounter"]
[Black "SoulofWolf"]
[Result "1-0"]
[WhiteElo "2126"]
[BlackElo "2225"]
[Annotator "NA"]
[PlyCount "111"]
[EventDate "2020.05.07"]
[EventType "swiss (blitz)"]

1. g3 {[%emt 0:00:01]} c5 {[%emt 0:00:00]} 2. Bg2 {[%emt 0:00:00]} Nf6 {[%emt 0:00:00]} 3. Nf3 {[%emt 0:00:00]} g6 {[%emt 0:00:00]} 4. O-O {[%emt 0:00:00]} Bg7 {[%emt 0:00:00]} 5. e4 {[%emt 0:00:01]} O-O {[%emt 0:00:00]} 6. e5 {[%emt 0:00:01]} Nd5 {[%emt 0:00:01]} 7. Re1 {[%emt 0:00:01]} e6 {[%emt 0:00:01]} 8. c4 {[%emt 0:00:01]} Nb6 {[%emt 0:00:01]} 9. b3 {[%emt 0:00:01]} h6 {[%emt 0:00:01]} 10. Bb2 {[%emt 0:00:01]} d5 {[%emt 0:00:00]} 11. d4 {[%emt 0:00:02]} Qe7 {[%emt 0:00:01]} 12. dxc5 {[%emt 0:00:01]} Qxc5 {[%emt 0:00:01]} 13. Ba3 {[%emt 0:00:01]} Qc7 {[%emt 0:00:03]} 14. Bd6 {[%emt 0:00:01]} Qd7 {[%emt 0:00:01]} 15. c5 {[%emt 0:00:01]} Re8 {[%emt 0:00:04]} 16. cxb6 {[%emt 0:00:01]} axb6 {[%emt 0:00:00]} 17. Nc3 {[%emt 0:00:01]} Nc6 {[%emt 0:00:00]} 18. a4 {[%emt 0:00:01]} f6 {[%emt 0:00:03]} 19. Nb5 {[%emt 0:00:01]} fxe5 {[%emt 0:00:03]} 20. Bc7 {[%emt 0:00:03]} e4 {[%emt 0:00:02]} 21. Nh4 {[%emt 0:00:03]} Kh7 {[%emt 0:00:04]} 22. Bxb6 {[%emt 0:00:04]} Bf6 {[%emt 0:00:01]} 23. Qg4 {[%emt 0:00:02]} Rg8 {[%emt 0:00:02]} 24. Rad1 {[%emt 0:00:03]} Qf7 {[%emt 0:00:01]} 25. f4 {[%emt 0:00:01]} e5 {[%emt 0:00:01]} 26. f5 {[%emt 0:00:02]} Bxh4 {[%emt 0:00:02]} 27. Qxh4 {[%emt 0:00:01]} Bxf5 {[%emt 0:00:01]} 28. Nd6 {[%emt 0:00:01]} Qe6 {[%emt 0:00:01]} 29. Nxf5 {[%emt 0:00:01]} Qxf5 {[%emt 0:00:01]} 30. Rf1 {[%emt 0:00:00]} Qe6 {[%emt 0:00:02]} 31. Rf6 {[%emt 0:00:01]} Qe7 {[%emt 0:00:02]} 32. Rxd5 {[%emt 0:00:01]} Rg7 {[%emt 0:00:01]} 33. Rfd6 {[%emt 0:00:01]} Rf8 {[%emt 0:00:02]} 34. Qxe4 {[%emt 0:00:02]} Rff7 {[%emt 0:00:01]} 35. Qe2 {[%emt 0:00:01]} Qf8 {[%emt 0:00:01]} 36. Bd8 {[%emt 0:00:01]} Nd4 {[%emt 0:00:01]} 37. Rxd4 {[%emt 0:00:01]} exd4 {[%emt 0:00:00]} 38. Rxd4 {[%emt 0:00:00]} Rd7 {[%emt 0:00:02]} 39. Rxd7 {[%emt 0:00:01]} Rxd7 {[%emt 0:00:00]} 40. Bh4 {[%emt 0:00:00]} Re7 {[%emt 0:00:01]} 41. Qxe7+ {[%emt 0:00:02]} Qxe7 {[%emt 0:00:01]} 42. Bxe7 {[%emt 0:00:00]} g5 {[%emt 0:00:00]} 43. Bxb7 {[%emt 0:00:00]} Kg6 {[%emt 0:00:00]} 44. a5 {[%emt 0:00:00]} Kf5 {[%emt 0:00:00]} 45. a6 {[%emt 0:00:00]} g4 {[%emt 0:00:00]} 46. a7 {[%emt 0:00:00]} h5 {[%emt 0:00:01]} 47. a8=Q {[%emt 0:00:00]} h4 {[%emt 0:00:00]} 48. Be4+ {[%emt 0:00:00]} Ke6 {[%emt 0:00:03]} 49. Qd5+ {[%emt 0:00:01]} Kxe7 {[%emt 0:00:02]} 50. b4 {[%emt 0:00:01]} Ke8 {[%emt 0:00:00]} 51. b5 {[%emt 0:00:00]} hxg3 {[%emt 0:00:00]} 52. b6 {[%emt 0:00:01]} gxh2+ {[%emt 0:00:00]} 53. Kh1 {[%emt 0:00:01]} Ke7 {[%emt 0:00:00]} 54. b7 {[%emt 0:00:01]} Kf6 {[%emt 0:00:01]} 55. b8=Q {[%emt 0:00:01]} g3 {[%emt 0:00:00]} 56. Qbe5# {[%emt 0:00:01] (Lag: Av=0.67s, max=1.0s)} 1-0